000 00785nam a2200193 a 4500
001 000035799
005 20200930074624.0
008 111114s1982 mx 000 0 spa d
040 _aDO-SdBNP
_bspa
_cBNPHU
100 1 _aA.C. Bhaktivedanta Swami Prabhupada,
_d1896-1977.
_961749
245 1 0 _aEn busca de la liberación :
_buna conversación entre su divina gracia A. G. Bhak Bhaktivedanta Swami Prabhupãda y el famoso beatle John Lennon /
_ctraducción Virabähu däsa adhikâ.
260 _aMéxico :
_bFondo Editorial Bhaktivedanta,
_c1982.
300 _a63 p. ;
_c20 cm.
490 1 _aJuventud mística
534 _aSearch for liberation
590 _aPerteneció a la biblioteca personal de Juan Isidro Jimenes Grullón
830 0 _aJuventud mística
_961750
049 _aBNPD
999 _c35290
_d35290